000 00660nam a2200229Ia 4500
003 OSt
005 20220923214652.0
006 a|||||r|||| 00| 0
007 ta
008 220922b |||||||| |||| 00| 0 hin d
024 _a171,546
037 _cTextual
040 _aARTS
_cARTS
_bhin
041 _2hin
_ahin
082 _aO152,3N22,AK, L0
100 _aदेवराज
245 0 _aअज्ञेय की डायरी, अजय की डायरी
246 _aAjnyeya kī ḍāyarī, ajaya kī ḍāyarī
260 _c1970
942 _hO152,3N22,AK, L0
_cTEXL
_2CC
999 _c325698
_d325698